=LDR 00000nam 2200000 4500 =001 INLIS000000000030965 =005 20250605103741 =035 ##$$a 0010-061300000030965 =008 250605###########################0#ind## =041 ##$$a ind =082 ##$$a 029.5 =090 ##$$a 028.5, Mua m =100 ##$$a Muakhir, Ali =245 1#$$a Mengajak pada kejujuran /$c , oleh Ali Muakhir ; penerjemah, Harisa Permatasari; editor, Imran Laha =260 ##$$a Jakarta :$b Bumi Aksara Group =300 ##$$a 23 hlm : $b Ilus ; $c 19 x 19 cm =650 #4$$a Bacaan Anak-anak =850 ##$$a NBPNMAT =020 ##$$a 978-979-010-436-5 =084 ##$$a 029.5 Mua m =990 ##$$a 20901668 =990 ##$$a 20901670 =990 ##$$a 20901671 =990 ##$$a 08950895 =990 ##$$a 20901666 =990 ##$$a 20901668 =990 ##$$a 20901670 =990 ##$$a 20901671 =990 ##$$a 3120631206 =990 ##$$a 20901672 =990 ##$$a 20901668 =990 ##$$a 20901670 =990 ##$$a 20901671 =990 ##$$a 20901666